Moreau v Howard de Walden Estates Ltd (Record no. 73300)
[ view plain ]
| 000 -LEADER | |
|---|---|
| fixed length control field | 01766cam a2200253 4500 |
| 001 - CONTROL NUMBER | |
| control field | ABS67001 |
| 008 - FIXED-LENGTH DATA ELEMENTS--GENERAL INFORMATION | |
| fixed length control field | 030829n2003 000 0 eng u |
| 035 ## - SYSTEM CONTROL NUMBER | |
| System control number | (Sirsi) u123402 |
| 245 ## - TITLE STATEMENT | |
| Title | Moreau v Howard de Walden Estates Ltd |
| 260 ## - PUBLICATION, DISTRIBUTION, ETC. | |
| Date of publication, distribution, etc. | 2003 |
| 520 ## - SUMMARY, ETC. | |
| Summary, etc. | LRA/2/2002, 30 April 2003. Appeal by the tenant (M) of a long leasehold house from the decision of a Leasehold Valuation Tribunal determining the price on enfranchisement under the Leasehold Reform Act 1967 s9(1C). Following M's request to purchase the property's freehold, the tribunal determined the enfranchisement price at £1 955 000 with the only improvements to be deducted from this agreed value to be those carried out by M after his purchase of the long lease in October 1995. M's principal ground for appeal was that, when the lease was granted, the property had not yet been completed and therefore both the necessary completion works and the later works after completion should be disregarded, thus arriving at an enfranchisement price of £1 527 381. "Held", appeal dismissed. The tribunal correctly determined that the property had been completed at the grant of lease and to disregard only the later works. M had to show that this decision was incorrect, which he failed to do. The tribunal's enfranchisement price was confirmed. |
| 590 ## - LOCAL NOTE (RLIN) | |
| Local note | ABS |
| 650 ## - SUBJECT ADDED ENTRY--TOPICAL TERM | |
| Topical term or geographic name entry element | ROSEN V TRUSTEES OF THE CAMDEN CHARITIES |
| 650 ## - SUBJECT ADDED ENTRY--TOPICAL TERM | |
| Topical term or geographic name entry element | MOREAU V HOWARD DE WALDEN ESTATES LTD |
| 650 ## - SUBJECT ADDED ENTRY--TOPICAL TERM | |
| Topical term or geographic name entry element | LEASEHOLD ENFRANCHISEMENT |
| 650 ## - SUBJECT ADDED ENTRY--TOPICAL TERM | |
| Topical term or geographic name entry element | LEASEHOLD REFORM ACT 1967 S9(1)(C) |
| 650 ## - SUBJECT ADDED ENTRY--TOPICAL TERM | |
| Topical term or geographic name entry element | LEASEHOLD REFORM ACT 1967 S10(4) |
| 650 ## - SUBJECT ADDED ENTRY--TOPICAL TERM | |
| Topical term or geographic name entry element | GRANTING OF LEASES |
| 650 ## - SUBJECT ADDED ENTRY--TOPICAL TERM | |
| Topical term or geographic name entry element | TENANTS |
| 650 ## - SUBJECT ADDED ENTRY--TOPICAL TERM | |
| Topical term or geographic name entry element | IMPROVEMENTS |
| 650 ## - SUBJECT ADDED ENTRY--TOPICAL TERM | |
| Topical term or geographic name entry element | DISREGARDS |
| 690 ## - LOCAL SUBJECT ADDED ENTRY--TOPICAL TERM (OCLC, RLIN) | |
| Topical term or geographic name as entry element | LANDLORD AND TENANT-LEASEHOLD REFORM-CASE LAW |
| 942 ## - ADDED ENTRY ELEMENTS (KOHA) | |
| Suppress in OPAC | 0 |
| Withdrawn status | Lost status | Source of classification or shelving scheme | Damaged status | Not for loan | Home library | Current library | Shelving location | Date acquired | Total Checkouts | Full call number | Barcode | Date last seen | Copy number | Price effective from | Koha item type |
|---|---|---|---|---|---|---|---|---|---|---|---|---|---|---|---|
| Dewey Decimal Classification | London | London | Journal article | 29/08/2003 | ABS67001 | 123402-1001 | 06/08/2019 | 1 | 06/08/2019 | Law report |